00000000cam 2200000zi 4500
0019.957250
003CaOODSP
00520251215130445
006m     o  d f      
007cr |n|||||||||
008251110t20252025quc     o    f000 0 fre d
020 |a9780660796772
040 |aCaOODSP|bfre|erda|cCaOODSP
043 |an-cn---
0861 |aSE3-114/1-2025F-PDF
24500|aÉtude nationale auprès des électeurs pour la 45e élection fédérale canadienne : |brapport de méthodologie / |cpréparé pour Élections Canada.
264 1|a[Gatineau, Québec] : |bÉlections Canada, |c2025.
264 4|c©2025
300 |a1 ressource en ligne (110 pages)
336 |atexte|btxt|2rdacontent/fre
337 |ainformatique|bc|2rdamedia/fre
338 |aressource en ligne|bcr|2rdacarrier/fre
500 |aPublié aussi en anglais sous le titre : National electors study for the 45th Canadian federal election : methodology report.
500 |a« Fournisseurs : Phoenix SPI et Advanis. »
500 |a« Numéro de contrat : 05005-2023-2467. »
500 |a« Date de livraison : Septembre 2025. »
61016|aCanada. |bParlement|xÉlections, 2025.
650 6|aÉlections|zCanada|xOpinion publique.
650 6|aÉlections|zCanada|vStatistiques.
650 6|aVote|zCanada|xOpinion publique.
650 6|aVote|zCanada|vStatistiques.
650 6|aOpinion publique|zCanada.
7102 |aÉlections Canada, |eorganisme de publication.
7102 |aPhoenix Strategic Perspectives Inc., |econsultant.
7102 |aAdvanis (Firme), |econsultant.
77508|tNational electors study for the 45th Canadian federal election : |w(CaOODSP)9.957248
85640|qPDF|s762 Ko|uhttps://publications.gc.ca/collections/collection_2025/elections/SE3-114-1-2025-fra.pdf|z(rapport de méthodologie)
8564 |qHTML|sS.O.|uhttps://epe.bac-lac.gc.ca/100/200/301/pwgsc-tpsgc/por-ef/elections_canada/2025/2025-12-f/index_f.html|z(rapport de méthodologie)
8564 |qHTML|sS.O.|uhttps://epe.bac-lac.gc.ca/100/200/301/pwgsc-tpsgc/por-ef/elections_canada/2025/2025-12-f/index.html|z(ensemble de données complet)